000 00626cam a2200241 4500
001 B2297
008 090401t1989 xxu||||| |||| 00| 0 eng d
035 _a(Sirsi) u49160
041 _aeng
050 _a333.73
100 _aBeever, P.F.
245 _aSubterranean fires in the UK: the problem
260 _aGarston,Watford
_bBuilding Research Establishment
_c1989
300 _a(3)p. : ill. ; 30cm.
350 _a0
490 _aBRE Information Paper
_v3/89
650 _aCOLLIERY WASTE
650 _aCONTAMINATED LAND
650 _aFIRE RESEARCH STATION
650 _aFIRE
942 _n0
948 _c04/03/1997
999 _c92504
_d92504